000 00814 a2200181 4500
999 _c2050
_d2050
020 _a9780071213202
050 _aHG4026.HEL 2003
100 _a Helfert, Erich A
245 _aTechniques of financial analysis :
_ba guide to value creation/
_cErich A Helfert
264 _aBoston :
_b McGraw-Hill/Irwin,
_c ♭2003.
300 _axxiv, 570 pages : illustrations ; 23 cm
440 _aMcGraw-Hill/Irwin series in finance, insurance, and real estate.
500 _aSupplemented by a companion Web site which includes interactive Excel templates and a time-limited educational version of Financial Genome, a professional software tool for financial analysis. Includes index
650 _aCorporations -- Finance.
650 _aCash flow.
650 _a Financial statements.
942 _2lcc
_cBK
_h4026
_iHEL
_kHG